| 000 | 00656nam a2200217 u 4500 | ||
|---|---|---|---|
| 005 | 20220622063543.0 | ||
| 008 | 080527s2004 r 000 0 eng d | ||
| 020 | _a8480637021 (10 dígitos) | ||
| 020 | _a9788480637022 (13 dígitos) | ||
| 035 | _aUPN01000156414 | ||
| 049 | _aI | ||
| 050 | 4 |
_aPZ76.3 _bS2.43 |
|
| 100 | 1 |
_aSátiro, Angélica _933619 |
|
| 245 | 1 | 3 |
_aLa mariquita Juanita / _cAngélica Sátiro ; il. Glyn Goodwin. |
| 260 |
_aBarcelona, Esp. : _bOctaedro, _c2004. |
||
| 300 |
_a23 p. : _bil. col. |
||
| 440 | 0 | _aProyecto noria | |
| 650 | 4 |
_aCuentos infantiles _96744 |
|
| 650 | 0 |
_aAnimales _vCuentos y leyendas _9234 |
|
| 905 | _aInfantil | ||
| 999 |
_c128528 _d128528 |
||